[Event "7 tur"]
[Site "?"]
[Date "2002.??.??"]
[Round "?"]
[White "Akhmadeev"]
[Black "Zhidkov"]
[Result "1/2-1/2"]
[WhiteElo "2430"]
[BlackElo "2395"]
[PlyCount "113"]
[EventDate "2002.??.??"]

1. e4 e5 2. Nf3 Nc6 3. Bb5 g6 4. d4 exd4 5. Nxd4 Bg7 6. Nxc6 bxc6 7. Bd3 Nf6 8.
O-O O-O 9. h3 Re8 10. Nc3 d5 11. Qf3 Nd7 12. Bf4 Ne5 13. Qg3 d4 14. Na4 Qe7 15.
b3 a5 16. Nb2 Qa3 17. Bc1 Qc5 18. Na4 Qe7 19. f4 Nxd3 20. cxd3 Ba6 21. Nb2 Bb5
22. f5 a4 23. bxa4 Bxa4 24. Bf4 Bb5 25. a4 Qb4 26. Rfb1 Ba6 27. fxg6 hxg6 28.
Nd1 Qa5 29. Bxc7 Qd2 30. Nf2 Bh6 31. Rd1 Qe3 32. Kh2 Rac8 33. Ng4 Qxg3+ 34.
Bxg3 Bg7 35. e5 c5 36. Rac1 Rc6 37. Rc2 Bc8 38. Re1 Bf5 39. Nf2 Ra8 40. Ra1 Bf8
41. Bf4 Rca6 42. g4 Bd7 43. Ne4 Bxa4 44. Rcc1 Bb5 45. Rxa6 Rxa6 46. Nxc5 Rc6
47. Nb3 Rxc1 48. Bxc1 Bxd3 49. Nxd4 Bg7 50. Bf4 g5 51. Bg3 Kh7 52. Nf3 Kg6 53.
Kg2 Bf8 54. Bf2 Be4 55. Bd4 Bb4 56. Kf2 Bxf3 57. Kxf3 {time: 2.15 - 2.15}
1/2-1/2

[Event "7 tur"]
[Site "?"]
[Date "2002.??.??"]
[Round "?"]
[White "Mozalev"]
[Black "Mikhailovsky"]
[Result "0-1"]
[WhiteElo "2410"]
[BlackElo "2390"]
[PlyCount "127"]
[EventDate "2002.??.??"]

1. e4 g6 2. d4 Bg7 3. Nc3 d6 4. f4 Nf6 5. Nf3 O-O 6. Be3 Na6 7. Qd2 Bg4 8. Be2
c5 9. h3 Bxf3 10. Bxf3 cxd4 11. Bxd4 e5 12. Be3 exf4 13. Bxf4 Qb6 14. O-O-O
Rfd8 15. Be3 Nc5 16. Bd4 Rac8 17. g4 Qa5 18. g5 Ne8 19. Bxg7 Nxg7 20. h4 Nce6
21. Kb1 Qe5 22. Nd5 Rc5 23. c3 Ne8 24. Rdg1 h5 25. gxh6 Kh7 26. h5 g5 27. Rf1
Nf6 28. Nxf6+ Qxf6 29. Bg4 Nf4 30. Bf5+ Kh8 31. Qd4 Re5 32. Rhg1 d5 33. Qxa7
dxe4 34. Bg4 Qe7 35. Rd1 Red5 36. Rxd5 Rxd5 37. Rd1 Rxd1+ 38. Bxd1 Kh7 39. Bc2
Kxh6 40. Qd4 Kxh5 41. Bxe4 g4 42. a4 Kg5 43. Qg7+ Ng6 44. Bxg6 Qe1+ 45. Ka2
Qe6+ 46. Ka3 Qxg6 47. Qe5+ Qf5 48. Qe7+ Kh5 49. Qxb7 g3 50. Qh1+ Kg4 51. Qd1+
Qf3 52. Qd4+ Qf4 53. Qd1+ Kh4 54. Qh1+ Kg5 55. a5 Qf2 56. Qd5+ f5 57. Qd8+ Kg4
58. Qg8+ Kf3 59. Qd5+ Ke2 60. Qb5+ Kd2 61. Qd7+ Kc1 62. a6 g2 63. a7 g1=Q 64.
a8=Q {time: 2.29 - 2.29} 0-1

[Event "7 tur"]
[Site "?"]
[Date "2002.??.??"]
[Round "?"]
[White "Panush"]
[Black "Andreikin"]
[Result "0-1"]
[WhiteElo "2260"]
[BlackElo "2385"]
[PlyCount "102"]
[EventDate "2002.??.??"]

1. Nf3 Nf6 2. c4 g6 3. b3 Bg7 4. Bb2 O-O 5. e3 d6 6. Be2 e5 7. d3 Nc6 8. Nbd2
Ng4 9. e4 f5 10. h3 Nh6 11. a3 Qe7 12. b4 Nd8 13. Rc1 Ne6 14. O-O Nf4 15. Re1
Nxe2+ 16. Qxe2 f4 17. c5 g5 18. cxd6 cxd6 19. d4 Nf7 20. dxe5 dxe5 21. Rc2 g4
22. hxg4 Bxg4 23. Rec1 Rac8 24. Rxc8 Rxc8 25. Rxc8+ Bxc8 26. Qd3 Be6 27. Nc4
Qc7 28. Ncd2 Qc6 29. Bc3 {=} Qa4 30. Bb2 Qd1+ 31. Kh2 a6 32. b5 a5 33. b6 Qa4
34. Ng5 Nxg5 35. Qd8+ Kf7 36. Qxg5 Qc2 37. Qh5+ Kf8 38. Bxe5 Qxd2 39. Bc7 a4
40. e5 Qd7 41. Qxh7 Bd5 42. Bd6+ Kf7 43. Qh4 f3 44. gxf3 Qf5 45. f4 Qe4 46.
Qe7+ Kg8 47. Qd8+ Kh7 48. Qh4+ Bh6 49. Qe7+ Kg6 50. Qe8+ Bf7 51. f5+ Qxf5 {
time: 2.20 - 1.50} 0-1

[Event "7 tur"]
[Site "?"]
[Date "2002.??.??"]
[Round "?"]
[White "Kamilianov"]
[Black "Kichubaev"]
[Result "1/2-1/2"]
[WhiteElo "2305"]
[BlackElo "2350"]
[PlyCount "35"]
[EventDate "2002.??.??"]

1. d4 d5 2. c4 e6 3. Nc3 c6 4. Nf3 f5 5. g3 Nf6 6. Bg2 Bd6 7. O-O O-O 8. Bf4
Bxf4 9. gxf4 Ne4 10. e3 Qe7 11. Rc1 Bd7 12. Nxe4 fxe4 13. Ne5 Be8 14. f3 exf3
15. Bxf3 Nd7 16. cxd5 Nxe5 17. dxe5 exd5 18. Qd4 {time: 1.01 - 0.52} 1/2-1/2

[Event "7 tur"]
[Site "?"]
[Date "2002.??.??"]
[Round "?"]
[White "Ashiev"]
[Black "Mingachev"]
[Result "1-0"]
[WhiteElo "2310"]
[BlackElo "2135"]
[PlyCount "106"]
[EventDate "2002.??.??"]

1. d4 Nf6 2. Nf3 e6 3. c4 Bb4+ 4. Bd2 Bxd2+ 5. Qxd2 Ne4 6. Qc2 f5 7. Nc3 Nxc3
8. Qxc3 d6 9. e3 Bd7 10. Bd3 O-O 11. Rd1 Bc6 12. Be2 Bxf3 13. Bxf3 c6 14. e4
fxe4 15. Bxe4 d5 16. Bf3 Qg5 17. O-O Nd7 18. Rfe1 Rae8 19. Re3 Nf6 20. Rde1 Ng4
21. Bxg4 Qxg4 22. f3 Qg6 23. b3 Rf4 24. cxd5 cxd5 25. Rxe6 Rxe6 26. Qc8+ Qe8
27. Qxe8+ Rxe8 28. Rxe8+ Kf7 29. Rb8 b6 30. Rb7+ Kf6 31. Kf2 Rxd4 32. Ke3 Rd1
33. Rxa7 d4+ 34. Ke2 Rb1 35. Ra6 Rb2+ 36. Kd3 Ke5 37. Rxb6 Rxa2 38. Rb5+ Kf6
39. Rb6+ Ke5 40. Rb5+ Kf6 41. Kxd4 Rxg2 42. h4 Rh2 43. h5 g6 44. hxg6 Kxg6 45.
Ke4 h5 46. Kf4 Rg2 47. Rb6+ Kg7 48. Rc6 h4 49. Rc1 h3 50. Rh1 h2 51. b4 Rb2 52.
Kg3 Kg6 53. Rxh2 Rxb4 {time: 2.29 - 2.29} 1-0

[Event "8 tur"]
[Site "?"]
[Date "2002.??.??"]
[Round "?"]
[White "Panush"]
[Black "Mikheev"]
[Result "1-0"]
[WhiteElo "2260"]
[BlackElo "2345"]
[PlyCount "47"]
[EventDate "2002.??.??"]

1. Nf3 Nf6 2. c4 g6 3. b3 Bg7 4. Bb2 O-O 5. e3 c5 6. Be2 b6 7. O-O Bb7 8. d4
cxd4 9. Nxd4 d5 10. cxd5 Nxd5 11. Nc3 Nd7 12. Nxd5 Bxd5 13. Rc1 Nc5 14. b4 Ne4
15. f3 Nf6 16. Qa4 Bh6 17. Qa3 Qd6 18. Rcd1 a5 19. Nb5 Qe6 20. Nc7 axb4 21.
Qxb4 Qxe3+ 22. Rf2 Bxa2 23. Nxa8 Rxa8 24. Bc1 {time: 0.58 - 1.41} 1-0

[Event "8 tur"]
[Site "?"]
[Date "2002.??.??"]
[Round "?"]
[White "Andreikin"]
[Black "Mingachev"]
[Result "1-0"]
[WhiteElo "2385"]
[BlackElo "2135"]
[PlyCount "54"]
[EventDate "2002.??.??"]

1. e4 c5 2. Nf3 Nc6 3. d4 cxd4 4. Nxd4 g6 5. Nc3 Bg7 6. Be3 Nf6 7. Bc4 O-O 8.
O-O d6 9. h3 Bd7 10. Bb3 Na5 11. Qd2 Nxb3 12. axb3 a6 13. Bh6 Qb6 14. Rad1 Bc6
15. Rfe1 Rfd8 16. Bxg7 Kxg7 17. Qg5 e6 18. e5 dxe5 19. Qxe5 Bd5 20. Na4 Qa7 21.
c4 Bc6 22. Nc5 Bd5 23. Ncxe6+ Bxe6 24. Nxe6+ fxe6 25. Qc7+ Rd7 26. Rxd7+ Nxd7
27. Rd1 {time: 0.56 - 1.40} Rd8 1-0

[Event "8 tur"]
[Site "?"]
[Date "2002.??.??"]
[Round "?"]
[White "Kichubaev"]
[Black "Akhmadeev"]
[Result "1/2-1/2"]
[WhiteElo "2350"]
[BlackElo "2430"]
[PlyCount "21"]
[EventDate "2002.??.??"]

1. d4 d5 2. Nf3 Nf6 3. c4 e6 4. Nc3 Be7 5. Bf4 O-O 6. e3 c5 7. dxc5 Bxc5 8.
cxd5 exd5 9. Bd3 Nc6 10. O-O Be6 11. Rc1 {time: 0.10 - 0.12} 1/2-1/2

[Event "8 tur"]
[Site "?"]
[Date "2002.??.??"]
[Round "?"]
[White "Mikhailovsky"]
[Black "Kamilianov"]
[Result "1-0"]
[WhiteElo "2390"]
[BlackElo "2305"]
[PlyCount "66"]
[EventDate "2002.??.??"]

1. e4 c5 2. Nf3 d6 3. c3 e5 4. d4 exd4 5. cxd4 cxd4 6. Nxd4 Nf6 7. Nc3 Be7 8.
Bb5+ Nbd7 9. Nf5 O-O 10. Nxd6 Nc5 11. Nxc8 Qxc8 12. f3 a6 13. Be2 Rd8 14. Qc2
Ne6 15. Be3 b5 16. Rc1 Qb7 17. O-O Nd4 18. Bxd4 Rxd4 19. Rfd1 Bc5 20. Rxd4
Bxd4+ 21. Kh1 Rc8 22. Rd1 Be5 23. Qd2 Qc7 24. g3 h6 25. a4 Bxc3 26. bxc3 Qxc3
27. axb5 axb5 28. Qxc3 Rxc3 29. Rd8+ Kh7 30. e5 Ng8 31. Kg2 Ne7 32. Bxb5 h5 33.
Be8 Nc6 {time: 1.45 - 2.00} 1-0

[Event "8 tur"]
[Site "?"]
[Date "2002.??.??"]
[Round "?"]
[White "Zhidkov"]
[Black "Ashiev"]
[Result "1/2-1/2"]
[WhiteElo "2395"]
[BlackElo "2310"]
[PlyCount "26"]
[EventDate "2002.??.??"]

1. e4 e5 2. Nf3 Nc6 3. Bb5 a6 4. Bxc6 dxc6 5. O-O f6 6. d4 Bg4 7. dxe5 Qxd1 8.
Rxd1 {time: 0.30 - 0.35} Bxf3 9. gxf3 fxe5 10. Rd3 Bd6 11. Nd2 b5 12. b3 Ne7
13. Bb2 Ng6 1/2-1/2

[Event "9 tur"]
[Site "?"]
[Date "2002.??.??"]
[Round "?"]
[White "Mingachev"]
[Black "Zhidkov"]
[Result "1/2-1/2"]
[WhiteElo "2135"]
[BlackElo "2395"]
[PlyCount "97"]
[EventDate "2002.??.??"]

1. e4 e5 2. Nf3 Nc6 3. Bb5 a6 4. Ba4 Nf6 5. Bxc6 dxc6 6. d3 Nd7 7. Nbd2 Be7 8.
Nc4 f6 9. Bd2 O-O 10. Qe2 Nc5 11. Ne3 Re8 12. g4 Bf8 13. h4 Ne6 14. Nf5 g6 15.
Nh6+ Bxh6 16. Bxh6 Nf4 17. Bxf4 exf4 18. Nd2 Be6 19. O-O-O Bxa2 20. g5 Bf7 21.
Qg4 Qd6 22. gxf6 Qxf6 23. Nf3 h5 24. Qg2 a5 25. Rhg1 a4 26. e5 Qe7 27. Qg5 a3
28. Qxe7 axb2+ 29. Kxb2 Rxe7 30. Rde1 Kg7 31. Nd4 Be6 32. Rg5 Ra4 33. c4 Kh6
34. Reg1 Bf7 35. Ne2 b5 36. Nxf4 bxc4 37. Nxg6 Re8 38. e6 Bxe6 39. Ne5 Re7 40.
Rg6+ Kh7 41. Nxc6 Re8 42. Rg7+ Kh8 43. Rxc7 Bg4 44. dxc4 Rxc4 45. Re7 Rc8 46.
Ne5 Rb8+ 47. Ka3 Rc3+ 48. Ka4 Rc2 49. Ka3 1/2-1/2

[Event "9 tur"]
[Site "?"]
[Date "2002.??.??"]
[Round "?"]
[White "Ashiev"]
[Black "Kichubaev"]
[Result "0-1"]
[WhiteElo "2310"]
[BlackElo "2350"]
[PlyCount "74"]
[EventDate "2002.??.??"]

1. e4 c5 2. Nf3 e6 3. b3 b6 4. d4 cxd4 5. Nxd4 Bb7 6. Nb5 d5 7. exd5 a6 8. N5c3
exd5 9. Bd3 Nf6 10. O-O Be7 11. Ne2 O-O 12. Bb2 Ne4 13. Nd2 Nd7 14. Nf3 Ndc5
15. Nfd4 Bf6 16. Nf4 g6 17. a4 Rc8 18. Re1 Re8 19. f3 Nxd3 20. Qxd3 Nc5 21. Qd2
Qd6 22. g3 Ne6 23. Nfe2 Bg7 24. Kg2 h5 25. Rad1 Re7 26. c3 Nc5 27. Nf4 Rce8 28.
Ba3 Qc7 29. a5 bxa5 30. Rxe7 Qxe7 31. Nd3 Bxd4 32. cxd4 Nxb3 33. Bxe7 Nxd2 34.
Rxd2 Rxe7 35. Ra2 Bc6 36. Ne5 Bb5 37. Rxa5 Kg7 {time: 2.00 - 1.51} 0-1

[Event "9 tur"]
[Site "?"]
[Date "2002.??.??"]
[Round "?"]
[White "Mozalev"]
[Black "Panush"]
[Result "1-0"]
[WhiteElo "2410"]
[BlackElo "2260"]
[PlyCount "79"]
[EventDate "2002.??.??"]

1. e4 c5 2. Nf3 d6 3. d4 cxd4 4. Nxd4 Nf6 5. Nc3 a6 6. Be3 Ng4 7. Bc1 e5 8. Nb3
Be7 9. f3 Nf6 10. Be3 Be6 11. Qd2 d5 12. exd5 Nxd5 13. Nxd5 Qxd5 14. Qxd5 Bxd5
15. O-O-O Bxb3 16. axb3 Nd7 17. Bc4 Rd8 18. Bd5 Nc5 19. b4 Ne6 20. Bxb7 O-O 21.
Bxa6 Ra8 22. b5 Nc7 23. Rd7 Nxb5 24. Bxb5 Ra1+ 25. Kd2 Bb4+ 26. c3 Bxc3+ 27.
Kxc3 Rxh1 28. h3 Re1 29. Kd2 Rb1 30. Kc2 Re1 31. Bc5 Ra8 32. Bc4 h6 33. Rxf7
Kh8 34. Rf8+ Rxf8 35. Bxf8 Rg1 36. b4 Rxg2+ 37. Kc3 Rf2 38. Bd5 e4 39. Bxe4 Kg8
40. Bc5 {time: 1.20 - 1.15} 1-0

[Event "9 tur"]
[Site "?"]
[Date "2002.??.??"]
[Round "?"]
[White "Akhmadeev"]
[Black "Mikhailovsky"]
[Result "0-1"]
[WhiteElo "2430"]
[BlackElo "2390"]
[PlyCount "70"]
[EventDate "2002.??.??"]

1. e4 g6 2. d4 Bg7 3. c4 d6 4. Nc3 Nc6 5. Nge2 e5 6. Be3 exd4 7. Nxd4 Nge7 8.
Be2 O-O 9. O-O f5 10. exf5 Bxd4 11. Bxd4 Nxf5 12. Be3 Nxe3 13. fxe3 Rxf1+ 14.
Qxf1 Be6 15. Qf4 Qe7 16. Rf1 a6 17. Bg4 Bf7 18. Ne4 Ne5 19. Be2 Kg7 20. Nf6 h6
21. g4 Bxc4 22. Bxc4 Rf8 23. Bxa6 bxa6 24. Nd5 Rxf4 25. Nxe7 Rxg4+ 26. Kh1 Rc4
27. Rf2 Rc1+ 28. Kg2 Ng4 29. Re2 Kf6 30. Nd5+ Ke5 31. Nb4 Ke4 32. Nxa6 Nxe3+
33. Kf2 Rf1+ 34. Kg3 Rf3+ 35. Kh4 Kd3 {time: 1.50 - 1.45} 0-1